Sports Quiz

Random Sports Quiz

2011 A.L all star team Quiz Stats

 Plays Quiz not verified by Sporcle

Score 0/43 Timer 10:00
0 Plays Today
Hint Answer % Correct
OFJose bautista
66.7%
pitcherCC sabathia
66.7%
1BAdrian gonzalez
55.6%
2BRobinson cano
55.6%
3BAlex rodriguez
55.6%
SSDerek jeter
55.6%
OFJosh hamilton
55.6%
DHDavid ortiz
55.6%
catcherMatt wieters
55.6%
1BMiguel cabrera
55.6%
3BAdrian beltre
55.6%
SSAsdrubal cabrera
55.6%
OFJacoby ellsbury
55.6%
pitcherJosh beckett
55.6%
pitcherGio gonzalez
55.6%
pitcherFelix hernandez
55.6%
pitcherMariano rivera
55.6%
pitcherJustin verlander
55.6%
catcherAlex avila
44.4%
catcherRussel martin
44.4%
1BPaul konerko
44.4%
pitcher Jered weaver
44.4%
Hint Answer % Correct
OFMatt joyce
44.4%
DHMichael young
44.4%
pitcherJon lester
44.4%
pitcherChris perez
44.4%
3BKevin youkilis
33.3%
OFMichael cuddyer
33.3%
pitcherDavid price
33.3%
pitcherDavid robertson
33.3%
pitcherRickey romero
33.3%
pitcherJames shields
33.3%
OFCurtis granderson
22.2%
2BHowie kendrick
22.2%
SSJhonny peralta
22.2%
OFCarlos quentin
22.2%
pitcherAlexi ogando
22.2%
pitcherJose valverde
22.2%
pitcherC.J wilson
22.2%
pitcherAaron crow
11.1%
pitcherBrandon league
11.1%
pitcherMichael pineda
11.1%
pitcherJordan walden
11.1%

You're not logged in!

Compare scores with friends on all Sporcle quizzes.
OR
Log In

Sporcle TV

Today on Sporcle TV


Watch our educational content, quiz creation guides, and fun videos on Sporcle TV.

Show Comments

Extras

Created Jul 30, 2016ReportNominate
Tags:2011, star, team

Top Quizzes Today


Score Distribution

Your Account Isn't Verified!

In order to create a playlist on Sporcle, you need to verify the email address you used during registration. Go to your Sporcle Settings to finish the process.

Report this User

Report this user for behavior that violates our Community Guidelines.

Details: